Quién dijo que no se puede? Escuelas efectivas en sectores de pobreza
Saved in:
| Institution som forfatter: | |
|---|---|
| Format: | Bog |
| Sprog: | spansk |
| Udgivet: |
Santiago
UNICEF
2004
Santiago MINEDUC 2004 |
| Fag: | |
| Tags: |
Tilføj Tag
Ingen Tags, Vær først til at tagge denne postø!
|
MARC
| LEADER | 00000nam a2200000 a 4500 | ||
|---|---|---|---|
| 001 | UCH2793 | ||
| 003 | CL-VaPUC | ||
| 008 | 090624e20040300cl |||||||||||||||||spa|d | ||
| 020 | |a 9280637958 | ||
| 082 | 0 | 4 | |a 370.193 |b UNI |2 21 |
| 110 | 2 | |a UNICEF |e author |9 537856 | |
| 245 | 1 | 0 | |a Quién dijo que no se puede? Escuelas efectivas en sectores de pobreza |
| 300 | |a 304 p | ||
| 942 | |c BK | ||
| 945 | |d 20090624 00:00:00 |a dcastane | ||
| 260 | |a Santiago |b UNICEF |c 2004 | ||
| 260 | |a Santiago |b MINEDUC |c 2004 | ||
| 650 | 0 | |a Sociología de la educación |9 260380 | |
| 650 | 0 | |a Evaluación de la educación |9 237505 | |
| 650 | 0 | |a Estadísticas educacionales |9 331921 | |
| 650 | 7 | |a EQUIDAD DE LA EDUCACION |2 CL-VaPUC |9 431975 | |
| 650 | 0 | |a Calidad de la educación |9 307271 | |
| 651 | 7 | |a CHILE |2 CL-VaPUC |9 537857 | |
| 583 | |a last modification |c 20171220 12:17:14 |k Rodrigo Vera | ||
| 999 | |c 334491 |d 334489 | ||
| 952 | |0 0 |1 0 |4 0 |6 370_193000000000000_UNI_2004_2004 |7 0 |8 A |9 423565 |a BIBEDU |b BIBEDU |d 2019-11-22 |i 4564103 |o 370.193 UNI 2004 2004 |p 4564103 |r 2019-11-22 |w 2019-11-22 |y BK |k BME | ||
| 952 | |0 0 |1 0 |4 0 |6 370_193000000000000_UNI_2004_2004 |7 0 |8 A |9 423566 |a BIBEDU |b BIBEDU |d 2019-11-22 |i 4632869 |o 370.193 UNI 2004 2004 |p 4632869 |r 2019-11-22 |w 2019-11-22 |y BK |k EBA | ||